|
|
|
|
| LEADER |
00000cam a2200000 a 4500 |
| 001 |
vtls001119730 |
| 003 |
SK-MaSNL |
| 005 |
20260301105021.0 |
| 008 |
240517s1984 xo a frnp 00000 slo |
| 015 |
|
|
|a SNBA1984/10
|
| 035 |
|
|
|a SNK000062573
|
| 040 |
|
|
|a SNK
|b slo
|c SNK
|e AACR2
|
| 041 |
0 |
|
|a slo
|
| 044 |
|
|
|a xo
|c SK
|
| 072 |
|
7 |
|a 37.016
|x Učebné osnovy. Vyučovacie predmety. Učebnice
|2 konspekt
|
| 072 |
|
7 |
|a 621.3
|x Elektrotechnika
|2 konspekt
|
| 080 |
|
|
|a 621.311.25:621.039(075.8)
|2 1981
|
| 080 |
|
|
|a 621.039(075.8)
|2 1981
|
| 080 |
|
|
|a 621.311.25
|2 2011
|
| 080 |
|
|
|a 626/628
|2 2011
|
| 080 |
|
|
|a (075.8)
|2 2011
|
| 100 |
1 |
|
|a Piatrik, Milan,
|d 1943-2017
|4 aut
|9 215091
|
| 245 |
1 |
0 |
|a Voda v jadrovej energetike
|b postgraduálne štúdium "Chemické aspekty ochrany životného prostredia"
|c Milan Piatrik, Juraj Tölgyessy
|
| 246 |
3 |
3 |
|a Chemické aspekty ochrany životného prostredia
|
| 250 |
|
|
|a 1. vyd.
|
| 260 |
|
|
|a Bratislava
|b Slovenská vysoká škola technická
|c 1984
|e Bratislava
|f Západoslovenské tlačiarne
|
| 300 |
|
|
|a 139 strán.
|b schémy, tabuľky
|c 29 cm
|
| 366 |
|
|
|e 100 výtl.
|
| 490 |
1 |
|
|a Vysokoškolské učebné texty
|
| 504 |
|
|
|a Obsahuje bibliografiu
|
| 650 |
0 |
7 |
|a jadrové elektrárne
|2 SNKPH
|9 15295
|
| 650 |
0 |
7 |
|a vodné hospodárstvo
|2 SNKPH
|9 759
|
| 655 |
|
7 |
|a učebnice vysokých škôl
|2 SNKPH
|9 70191
|
| 700 |
1 |
|
|a Tölgyessy, Juraj,
|d 1931-2014
|4 aut
|9 212932
|
| 830 |
|
0 |
|a Vysokoškolské učebné texty
|9 276539
|
| 852 |
|
|
|a Slovenská národná knižnica
|
| 958 |
|
|
|a OND
|
| 958 |
|
|
|a NB
|
| 958 |
|
|
|a TL
|
| 958 |
|
|
|a UV
|
| 999 |
|
|
|c 699787
|d 701717
|
| 952 |
|
|
|a SNK
|b SNK
|y PREZ
|7 0
|p 17A0772097
|o snkSB 38084
|0 0
|1 0
|4 0
|d 2012-05-09
|f 1
|l 0
|r 2025-04-22 00:00:00
|w 2026-02-23
|
| 952 |
|
|
|t P60, <04>, [BOOK], {604}
|a SNK
|b SNK
|y VYP
|7 0
|p 17A0207235
|o snkSB 38084 D1
|0 0
|1 0
|4 0
|d 1999-08-20
|l 0
|r 2004-12-31 00:00:00
|w 2026-02-23
|